[Event "Espalion Op"]
[Site "Espalion (12)"]
[Date "2018.07.16"]
[Round "3.27"]
[White "Daude, Alexandre"]
[Black "Antos, Claude"]
[Result "1-0"]
[WhiteElo "1352"]
[BlackElo "1100"]
[PlyCount "33"]
[EventDate "2018.07.??"]
[EventType "swiss"]
[EventRounds "9"]
[EventCountry "FRA"]

1. e4 Nf6 2. e5 Nd5 3. c4 Nb4 4. a3 N4a6 5. d4 c5 6. d5 e6 7. d6 Nc6 8. Nf3
Qa5+ 9. Bd2 Qd8 10. Nc3 Nd4 11. Nxd4 g6 12. Nf3 f6 13. Nb5 Kf7 14. Bd3 fxe5 15.
Nxe5+ Ke8 16. Qf3 Bxd6 17. Qf7# 1-0

[Event "Espalion Op"]
[Site "Espalion (12)"]
[Date "2018.07.16"]
[Round "3.28"]
[White "Muller-Moingt, Bastien"]
[Black "Moingt Tenor, Mathilde"]
[Result "1-0"]
[WhiteElo "1007"]
[BlackElo "1299"]
[PlyCount "61"]
[EventDate "2018.07.??"]
[EventType "swiss"]
[EventRounds "9"]
[EventCountry "FRA"]

1. e4 e5 2. Nf3 Nf6 3. Nxe5 Bc5 4. d4 d6 5. dxc5 dxc5 6. Qxd8+ Kxd8 7. Nxf7+
Ke8 8. Nxh8 Nxe4 9. Bd3 g5 10. Bxe4 g4 11. O-O c4 12. Re1 b5 13. Bxa8+ Be6 14.
Rxe6+ Kd7 15. Rh6 b4 16. Rxh7+ Kd6 17. Bf4+ Ke6 18. c3 c5 19. Bxb8 a5 20. cxb4
axb4 21. Nd2 c3 22. bxc3 bxc3 23. Nb3 c2 24. Rc1 c4 25. Re1+ Kf6 26. Rf7+ Kg5
27. Re5+ Kh6 28. Re6+ Kh5 29. Rf5+ Kh4 30. g3+ Kh3 31. Rh5# 1-0

[Event "Espalion Op"]
[Site "Espalion (12)"]
[Date "2018.07.16"]
[Round "4.1"]
[White "Stets, Dmitry"]
[Black "Gozzoli, Yannick"]
[Result "0-1"]
[WhiteElo "2383"]
[BlackElo "2587"]
[PlyCount "50"]
[EventDate "2018.07.??"]
[EventType "swiss"]
[EventRounds "9"]
[EventCountry "FRA"]

1. e4 e5 2. Nf3 Nc6 3. Bb5 a6 4. Ba4 Nf6 5. O-O Be7 6. Re1 b5 7. Bb3 d6 8. c3
O-O 9. d4 Bg4 10. d5 Na5 11. Bc2 c6 12. h3 Bc8 13. dxc6 Qc7 14. a4 Qxc6 15.
Nbd2 Be6 16. Ng5 Bd7 17. Nf1 h6 18. Nf3 Rfc8 19. axb5 axb5 20. Bd3 Be6 21. Ng3
Nb3 22. Rxa8 Rxa8 23. Be3 Nc5 24. Bb1 Ra1 25. Nd2 Nd3 0-1

[Event "Espalion Op"]
[Site "Espalion (12)"]
[Date "2018.07.16"]
[Round "4.3"]
[White "Lanzani, Mario"]
[Black "Kurayan, Ruslan"]
[Result "1/2-1/2"]
[WhiteElo "2280"]
[BlackElo "2366"]
[PlyCount "76"]
[EventDate "2018.07.??"]
[EventType "swiss"]
[EventRounds "9"]
[EventCountry "FRA"]

1. e4 c5 2. Nf3 d6 3. c3 Nf6 4. Be2 g6 5. O-O Bg7 6. Bb5+ Nbd7 7. Re1 a6 8. Bf1
O-O 9. d4 e6 10. Bf4 Re8 11. Nbd2 e5 12. dxe5 dxe5 13. Bg5 b5 14. a4 Rb8 15.
axb5 axb5 16. Bd3 Rb6 17. Qe2 c4 18. Bc2 Qc7 19. Be3 Rc6 20. b3 Ng4 21. bxc4
Nxe3 22. Qxe3 Nb6 23. Qe2 Nxc4 24. Nxc4 Rxc4 25. Bd3 Rxc3 26. Bxb5 Rd8 27. Red1
Rxd1+ 28. Rxd1 Bg4 29. Bd3 Bf8 30. h3 Be6 31. Kh2 h6 32. Rd2 Bb3 33. Bb5 Qc5
34. Ba6 Qa5 35. Bb7 Bc4 36. Qd1 Qb4 37. Ba8 Qa3 38. Rd8 Rd3 1/2-1/2

[Event "Espalion Op"]
[Site "Espalion (12)"]
[Date "2018.07.16"]
[Round "4.4"]
[White "Peter, Sebastien"]
[Black "Larcheveque, Francois"]
[Result "1-0"]
[WhiteElo "2229"]
[BlackElo "1980"]
[PlyCount "81"]
[EventDate "2018.07.??"]
[EventType "swiss"]
[EventRounds "9"]
[EventCountry "FRA"]

1. e4 e6 2. d4 d5 3. Nd2 a6 4. Ngf3 c5 5. dxc5 Bxc5 6. Bd3 Nc6 7. O-O Nge7 8.
Qe2 Nb4 9. a3 Nxd3 10. Qxd3 O-O 11. b4 Bd6 12. Bb2 Bd7 13. c4 Bc6 14. Qc3 f6
15. exd5 exd5 16. c5 Bf4 17. Nb3 Nf5 18. Qc2 Qd7 19. Nbd4 Nxd4 20. Bxd4 Rae8
21. Rfe1 Re4 22. Bc3 Rfe8 23. Nd4 Rxe1+ 24. Rxe1 Rxe1+ 25. Bxe1 Be5 26. Nxc6
bxc6 27. Qd3 Qc8 28. h4 Bb8 29. g3 h6 30. Bd2 Kf7 31. Qe2 Be5 32. Kf1 Bb8 33.
Qh5+ Kf8 34. Qe2 Kf7 35. a4 Be5 36. Qd3 Kf8 37. b5 cxb5 38. Qxd5 bxa4 39. c6
Qc7 40. Bb4+ Ke8 41. Qg8# 1-0

[Event "Espalion Op"]
[Site "Espalion (12)"]
[Date "2018.07.16"]
[Round "4.5"]
[White "Pass, Deborah J"]
[Black "Baduel, Alain"]
[Result "1-0"]
[WhiteElo "1951"]
[BlackElo "1600"]
[PlyCount "101"]
[EventDate "2018.07.??"]
[EventType "swiss"]
[EventRounds "9"]
[EventCountry "FRA"]

1. e4 e5 2. Nf3 Nc6 3. Bc4 Be7 4. O-O Nf6 5. d4 exd4 6. e5 Ng4 7. Bf4 O-O 8. h3
Nh6 9. Bxh6 gxh6 10. Nbd2 d5 11. exd6 Bxd6 12. Nb3 Qf6 13. Nbxd4 Ne5 14. Nxe5
Qxe5 15. Nf3 Qxb2 16. Rb1 Qg7 17. Kh1 Be6 18. Bxe6 fxe6 19. Qd4 e5 20. Qg4 b6
21. Qxg7+ Kxg7 22. Rfe1 Rae8 23. Re4 Rf4 24. Rbe1 Rxe4 25. Rxe4 Kf6 26. g4 Bc5
27. Kg2 Bd6 28. Nh4 Rg8 29. Nf5 h5 30. f3 hxg4 31. fxg4 h5 32. Kf3 hxg4+ 33.
hxg4 Rh8 34. Re2 Rh3+ 35. Ke4 Ra3 36. c4 Rc3 37. Ne3 Bc5 38. Nd5+ Kg5 39. Nxc3
Kxg4 40. Kxe5 Kf3 41. Rd2 Bb4 42. Rd3+ Kf2 43. Nb5 Ke2 44. Rd7 a6 45. Nxc7 a5
46. Nd5 Bc5 47. Rb7 Kd3 48. Nxb6 Kc3 49. Na4+ Kxc4 50. Nxc5 Kxc5 51. a4 1-0

[Event "Espalion Op"]
[Site "Espalion (12)"]
[Date "2018.07.16"]
[Round "4.6"]
[White "Carton, Patrick"]
[Black "Gaubert, Cedric"]
[Result "0-1"]
[WhiteElo "2189"]
[BlackElo "1797"]
[PlyCount "28"]
[EventDate "2018.07.??"]
[EventType "swiss"]
[EventRounds "9"]
[EventCountry "FRA"]

1. e4 c5 2. Nf3 e6 3. d3 Nc6 4. g3 Nf6 5. Bg2 Be7 6. O-O d5 7. Nbd2 O-O 8. Re1
Qc7 9. h4 b6 10. e5 Nd7 11. Nf1 Ndxe5 12. Nxe5 Nxe5 13. Rxe5 Qxe5 14. Bf4 Qxb2
0-1

[Event "Espalion Op"]
[Site "Espalion (12)"]
[Date "2018.07.16"]
[Round "4.7"]
[White "Pascot, Jean"]
[Black "Flear, Christine"]
[Result "0-1"]
[WhiteElo "1796"]
[BlackElo "2083"]
[PlyCount "92"]
[EventDate "2018.07.??"]
[EventType "swiss"]
[EventRounds "9"]
[EventCountry "FRA"]

1. e4 c5 2. c3 g6 3. d4 cxd4 4. Nf3 Bg7 5. Bc4 d6 6. O-O Nf6 7. e5 dxe5 8. Nxe5
O-O 9. Qb3 e6 10. cxd4 Qxd4 11. Nf3 Qb6 12. Qc2 Nc6 13. Be3 Qc7 14. Nbd2 Ng4
15. Bg5 h6 16. Bh4 Nd4 17. Qd3 Nf5 18. Qe4 Nxh4 19. Qxg4 Nxf3+ 20. Qxf3 Bxb2
21. Rab1 Bg7 22. Rfc1 Qa5 23. Ne4 a6 24. Nd6 Qg5 25. Rd1 Be5 26. g3 Bxd6 27.
Rxd6 Qc5 28. Rbd1 Qxc4 29. Rd8 Bd7 30. R8xd7 Rab8 31. Qe3 Kh7 32. Qe5 Qxa2 33.
Rc7 b5 34. Qf6 Kg8 35. Qf4 Rbc8 36. Rb7 Kg7 37. Qe5+ Kg8 38. Qf4 h5 39. Qf6 Qc2
40. Ra1 Qe4 41. Rd7 b4 42. Rd4 Qb7 43. g4 Rc5 44. Rad1 hxg4 45. Rd8 Rc8 46.
R1d7 Rc1+ 0-1

[Event "Espalion Op"]
[Site "Espalion (12)"]
[Date "2018.07.16"]
[Round "4.8"]
[White "Grichkevitch, Gilles"]
[Black "Martinez, Felicien"]
[Result "1-0"]
[WhiteElo "1964"]
[BlackElo "1766"]
[PlyCount "73"]
[EventDate "2018.07.??"]
[EventType "swiss"]
[EventRounds "9"]
[EventCountry "FRA"]

1. e4 e5 2. Nf3 Nc6 3. Bc4 Bc5 4. O-O Nf6 5. d4 Bxd4 6. Nxd4 Nxd4 7. f4 Nc6 8.
Bxf7+ Kxf7 9. fxe5 Re8 10. exf6 g6 11. Nc3 d6 12. Qd2 Rh8 13. Nd5 Be6 14. Qh6
Qf8 15. Qh4 Bxd5 16. exd5 Ne5 17. Bh6 Qe8 18. b3 Qd7 19. Rae1 Rae8 20. h3 a5
21. c4 b6 22. Bg7 h5 23. Bxh8 Rxh8 24. a3 Re8 25. b4 Qa4 26. Qg5 Rh8 27. Rxe5
dxe5 28. Qxe5 Qd7 29. bxa5 bxa5 30. Re1 Qd6 31. Qe7+ Qxe7 32. Rxe7+ Kxf6 33.
Rxc7 Ke5 34. Kf2 Rb8 35. Rc5 Rb2+ 36. Kg1 g5 37. d6+ 1-0

[Event "Espalion Op"]
[Site "Espalion (12)"]
[Date "2018.07.16"]
[Round "4.9"]
[White "Verat-Fayolle, Celian"]
[Black "Duffau, Pascal"]
[Result "1/2-1/2"]
[WhiteElo "1759"]
[BlackElo "1952"]
[PlyCount "91"]
[EventDate "2018.07.??"]
[EventType "swiss"]
[EventRounds "9"]
[EventCountry "FRA"]

1. e4 e6 2. d4 d5 3. exd5 exd5 4. c4 Nf6 5. Nc3 Be7 6. Nf3 O-O 7. cxd5 Nxd5 8.
Be2 c6 9. O-O Be6 10. Be3 Nd7 11. Ne4 Re8 12. Qd2 N7f6 13. Neg5 Bf5 14. Ne5 Ne4
15. Nxe4 Bxe4 16. f4 Qc7 17. f5 Bd6 18. Bf2 Bxf5 19. Bg3 Be6 20. Rf3 f6 21. Nc4
Bxg3 22. Rxg3 Nf4 23. Rf1 Nxe2+ 24. Qxe2 Bd5 25. Ne3 Kh8 26. Qh5 Qf7 27. Qxf7
Bxf7 28. Nf5 Bg6 29. Nd6 Re7 30. Rb3 b6 31. Rc3 Be4 32. Re1 f5 33. Nxf5 Re6 34.
Ng3 Bd5 35. Rxe6 Bxe6 36. Rxc6 Bxa2 37. Rc7 Be6 38. Re7 Bd5 39. Nf5 g6 40. Nd6
Rd8 41. Ne8 a5 42. Nf6 Bg8 43. d5 Rd6 44. Nxg8 Kxg8 45. Rb7 Rxd5 46. Rxb6
1/2-1/2

[Event "Espalion Op"]
[Site "Espalion (12)"]
[Date "2018.07.16"]
[Round "4.10"]
[White "Gerard, Nicolas"]
[Black "Griggio, Jean-Paul"]
[Result "1-0"]
[WhiteElo "2183"]
[BlackElo "1752"]
[PlyCount "86"]
[EventDate "2018.07.??"]
[EventType "swiss"]
[EventRounds "9"]
[EventCountry "FRA"]

1. d4 d5 2. c4 c6 3. Nf3 Nf6 4. e3 g6 5. Nc3 Bg7 6. Bd3 O-O 7. O-O Nbd7 8. cxd5
cxd5 9. Qb3 e6 10. Bd2 Ng4 11. h3 Nh6 12. e4 dxe4 13. Nxe4 Nf5 14. Rfd1 Qb6 15.
Qxb6 Nxb6 16. Bc3 Nd5 17. Ne5 f6 18. Nc4 Rd8 19. a4 Nfe7 20. Re1 Nc6 21. Ned6
Nc7 22. Be4 Bf8 23. Nxc8 Rdxc8 24. Bf3 Kf7 25. a5 Nd5 26. Ne3 Nce7 27. Bd2 Rc7
28. Ra3 Re8 29. Rb3 Nxe3 30. fxe3 Nf5 31. Rxb7 Ree7 32. a6 Rc2 33. Bb4 Rec7 34.
Bc3 Bd6 35. Be4 R2xc3 36. bxc3 Ne7 37. Rxc7 Bxc7 38. Rb1 f5 39. Bf3 Kf6 40. Rb7
Ba5 41. Rxa7 Bxc3 42. Rxe7 f4 43. Rd7 fxe3 1-0

[Event "Espalion Op"]
[Site "Espalion (12)"]
[Date "2018.07.16"]
[Round "4.11"]
[White "Rabier, Jean"]
[Black "Lagunes, Robin"]
[Result "0-1"]
[WhiteElo "1732"]
[BlackElo "1857"]
[PlyCount "52"]
[EventDate "2018.07.??"]
[EventType "swiss"]
[EventRounds "9"]
[EventCountry "FRA"]

1. e4 c6 2. c4 d5 3. exd5 cxd5 4. d4 Nc6 5. Nc3 Nf6 6. Bf4 a6 7. Nf3 g6 8. c5
Bg4 9. Be2 Bg7 10. O-O O-O 11. Ne5 Bxe2 12. Nxe2 Nh5 13. Nxc6 bxc6 14. Be3 e5
15. Qd2 Re8 16. Rfe1 Qc7 17. Bh6 Bh8 18. h3 f5 19. g4 fxg4 20. hxg4 Nf6 21. f3
exd4 22. Bf4 Qa7 23. Nxd4 Qxc5 24. Be3 Nxg4 25. Ne6 Qd6 26. Bf4 Ne5 0-1

[Event "Espalion Op"]
[Site "Espalion (12)"]
[Date "2018.07.16"]
[Round "4.12"]
[White "Tholey, Jean-Paul"]
[Black "Menard, Baptiste"]
[Result "0-1"]
[WhiteElo "1815"]
[BlackElo "2184"]
[PlyCount "118"]
[EventDate "2018.07.??"]
[EventType "swiss"]
[EventRounds "9"]
[EventCountry "FRA"]

1. d4 d6 2. c4 e5 3. dxe5 dxe5 4. Qxd8+ Kxd8 5. Nc3 Be6 6. Nf3 f6 7. e3 c6 8.
Bd2 Nd7 9. Be2 Nh6 10. O-O Nf7 11. Rfd1 Kc7 12. Rac1 a5 13. Na4 Nc5 14. Nxc5
Bxc5 15. Ne1 Rhd8 16. Bc3 Rxd1 17. Rxd1 Bb4 18. Rc1 Nd6 19. a3 Bxc3 20. Rxc3
Ne4 21. Rc2 Rd8 22. f3 Nc5 23. b4 Na4 24. Kf2 Ra8 25. Nd3 axb4 26. axb4 Nb6 27.
Nc5 Bf7 28. b5 Ra1 29. bxc6 Kxc6 30. Nb3 Ra3 31. Nd2 f5 32. g3 Na4 33. Nb1 Rb3
34. Nd2 Rb4 35. Bd3 g6 36. f4 e4 37. Be2 Kc5 38. g4 Rb2 39. Rxb2 Nxb2 40. gxf5
gxf5 41. Nb3+ Kb4 42. Nd4 Bg6 43. Nb5 b6 44. Nd6 Kc5 45. Nc8 Bf7 46. Ne7 Be6
47. Ke1 Kd6 48. Nd5 b5 49. Nc3 b4 50. Nb5+ Kc5 51. Nd4 Bxc4 52. Nxf5 b3 53. Nd4
Kb4 54. f5 Kc3 55. f6 Nd3+ 56. Bxd3 exd3 57. Nb5+ Bxb5 58. f7 d2+ 59. Kd1 b2
0-1

[Event "Espalion Op"]
[Site "Espalion (12)"]
[Date "2018.07.16"]
[Round "4.13"]
[White "Baroyan, Davit"]
[Black "Mourgues, Joelle"]
[Result "1-0"]
[WhiteElo "2049"]
[BlackElo "1580"]
[PlyCount "33"]
[EventDate "2018.07.??"]
[EventType "swiss"]
[EventRounds "9"]
[EventCountry "FRA"]

1. d4 g6 2. e4 d6 3. Nf3 Bg7 4. Bc4 Nf6 5. Qe2 O-O 6. e5 dxe5 7. dxe5 Nd5 8. h4
Bg4 9. h5 gxh5 10. Qe4 c6 11. Ng5 Re8 12. Qxh7+ Kf8 13. f3 Qa5+ 14. Bd2 Nb4 15.
Bxf7 Qxe5+ 16. Kd1 Rd8 17. Qg8# 1-0

[Event "Espalion Op"]
[Site "Espalion (12)"]
[Date "2018.07.16"]
[Round "4.14"]
[White "Deceuninck, Andre"]
[Black "Veschambre, Antoine"]
[Result "0-1"]
[WhiteElo "1570"]
[BlackElo "1730"]
[PlyCount "70"]
[EventDate "2018.07.??"]
[EventType "swiss"]
[EventRounds "9"]
[EventCountry "FRA"]

1. Nf3 Nf6 2. e3 e6 3. c4 b6 4. b3 Bb7 5. Bb2 Be7 6. d4 d5 7. Nbd2 O-O 8. Bd3
c5 9. O-O h6 10. Ne5 Nc6 11. Ndf3 cxd4 12. Nxc6 Bxc6 13. Nxd4 Bb7 14. cxd5 Qxd5
15. Nf3 Rfd8 16. Be2 Qf5 17. Qe1 Rac8 18. Nh4 Qg5 19. Nf3 Qg4 20. h3 Qe4 21.
Rc1 Rc2 22. Rxc2 Qxc2 23. Bxf6 Bxf6 24. Bc4 Qxa2 25. Qe2 Qxe2 26. Bxe2 Kf8 27.
Rc1 Rc8 28. Rxc8+ Bxc8 29. Kf1 Ke7 30. Ke1 Bb7 31. g4 Bd5 32. Bd1 Kd6 33. Kd2
Kc5 34. Ke2 Bc3 35. Kd3 Kb4 0-1

[Event "Espalion Op"]
[Site "Espalion (12)"]
[Date "2018.07.16"]
[Round "4.15"]
[White "Flaujac, Benoit"]
[Black "Carno, Matthias"]
[Result "1/2-1/2"]
[WhiteElo "1902"]
[BlackElo "1783"]
[PlyCount "65"]
[EventDate "2018.07.??"]
[EventType "swiss"]
[EventRounds "9"]
[EventCountry "FRA"]

1. e4 d5 2. exd5 Nf6 3. d4 Nxd5 4. Nf3 Bg4 5. Be2 e6 6. O-O Be7 7. c4 Nf6 8.
Nc3 O-O 9. Be3 Nbd7 10. h3 Bh5 11. a3 a5 12. Qd2 Bg6 13. Rfd1 c6 14. d5 exd5
15. cxd5 Ne4 16. Nxe4 Bxe4 17. dxc6 Bxc6 18. Nd4 Bd5 19. Nf5 Nf6 20. Bb6 Qd7
21. Nxe7+ Qxe7 22. Bxa5 Rxa5 23. Qxa5 Qxe2 24. Rxd5 Nxd5 25. Qxd5 Qxb2 26. Ra2
Qc1+ 27. Kh2 Qc7+ 28. g3 Rd8 29. Qe4 g6 30. Rc2 Qd7 31. Rb2 Qc6 32. Qxc6 bxc6
33. Rc2 1/2-1/2

[Event "Espalion Op"]
[Site "Espalion (12)"]
[Date "2018.07.16"]
[Round "4.16"]
[White "Rinie, Jean-Jacques"]
[Black "Lagunes, Jean-Renaud"]
[Result "0-1"]
[WhiteElo "1654"]
[BlackElo "1943"]
[PlyCount "66"]
[EventDate "2018.07.??"]
[EventType "swiss"]
[EventRounds "9"]
[EventCountry "FRA"]

1. e4 d5 2. exd5 Qxd5 3. Nc3 Qa5 4. d4 Nf6 5. Nf3 Bg4 6. Be2 Nc6 7. O-O O-O-O
8. Be3 e5 9. a3 exd4 10. b4 Qh5 11. Nxd4 Nxd4 12. Bxd4 c5 13. Bxg4+ Nxg4 14. h3
Rxd4 15. hxg4 Rxd1 16. gxh5 Rxf1+ 17. Kxf1 cxb4 18. axb4 Bxb4 19. Rxa7 Kb8 20.
Nb5 Re8 21. c3 Bxc3 22. Rxb7+ Kxb7 23. Nd6+ Kc6 24. Nxe8 h6 25. Nxg7 Bxg7 26.
g4 Kd5 27. Ke2 Ke4 28. f3+ Kf4 29. Kf2 Bf6 30. Kg2 Bd4 31. Kh3 Kxf3 32. Kh4
Bf2+ 33. Kh3 Bg3 0-1

[Event "Espalion Op"]
[Site "Espalion (12)"]
[Date "2018.07.16"]
[Round "4.17"]
[White "Martin, Gerard"]
[Black "Labarthe, Arnaud"]
[Result "1-0"]
[WhiteElo "1381"]
[BlackElo "1632"]
[PlyCount "77"]
[EventDate "2018.07.??"]
[EventType "swiss"]
[EventRounds "9"]
[EventCountry "FRA"]

1. d4 Nf6 2. c4 e5 3. dxe5 Ne4 4. Nf3 b6 5. a3 Bb7 6. e3 g5 7. Nbd2 Bg7 8. e6
fxe6 9. Nd4 Qf6 10. Nxe4 Bxe4 11. f3 Bb7 12. Nb5 Qd8 13. Bd2 a6 14. Nc3 Nc6 15.
Be2 Qe7 16. Qc2 O-O-O 17. O-O-O d5 18. cxd5 exd5 19. Qf5+ Kb8 20. Kb1 Bc8 21.
Qc2 Qe6 22. Rhe1 Na5 23. Rc1 Be5 24. e4 d4 25. Nd5 Rxd5 26. exd5 Qxd5 27. Bxa5
Qxa5 28. Bd3 Rd8 29. Be4 c5 30. Bxh7 Bd6 31. g3 Ka7 32. Bf5 c4 33. Bxc8 Rxc8
34. Red1 Be5 35. Rd3 Rc7 36. b4 cxb3 37. Qxb3 Re7 38. Qb4 Qd5 39. Qxe7+ 1-0

[Event "Espalion Op"]
[Site "Espalion (12)"]
[Date "2018.07.16"]
[Round "4.18"]
[White "Boulier, Rene"]
[Black "Daude, Alexandre"]
[Result "0-1"]
[WhiteElo "1590"]
[BlackElo "1352"]
[PlyCount "86"]
[EventDate "2018.07.??"]
[EventType "swiss"]
[EventRounds "9"]
[EventCountry "FRA"]

1. e4 e6 2. d4 d5 3. e5 c5 4. c3 Qb6 5. Nf3 Nc6 6. Bd3 cxd4 7. cxd4 Bd7 8. Bc2
Nge7 9. O-O Rc8 10. Nc3 Nb4 11. Bb1 Ng6 12. a3 Nc6 13. Na4 Qb5 14. Bd3 Qa5 15.
b4 Qd8 16. Nc5 Bxc5 17. bxc5 b6 18. cxb6 Qxb6 19. Be3 O-O 20. Rb1 Qd8 21. Bg5
Qe8 22. Qe2 h6 23. Be3 f6 24. exf6 Rxf6 25. h4 Nf4 26. Bxf4 Rxf4 27. Qe3 Rf6
28. Rb7 Rb8 29. Rxb8 Qxb8 30. g3 Qf8 31. Nh2 Kh8 32. f4 Qxa3 33. Ng4 Rf8 34.
Rb1 Nb4 35. Rxb4 Qxb4 36. Ne5 Be8 37. Bg6 Kg8 38. Qd3 Bxg6 39. Nxg6 Rc8 40. Qe3
Qb1+ 41. Kg2 Qxg6 42. Kh3 Qf5+ 43. g4 Qe4 0-1

[Event "Espalion Op"]
[Site "Espalion (12)"]
[Date "2018.07.16"]
[Round "4.19"]
[White "Charlier, Antoine"]
[Black "Chazeau, Laineur-Lothaire"]
[Result "1-0"]
[WhiteElo "1259"]
[BlackElo "1651"]
[PlyCount "69"]
[EventDate "2018.07.??"]
[EventType "swiss"]
[EventRounds "9"]
[EventCountry "FRA"]

1. d4 g6 2. e4 Bg7 3. Nc3 d6 4. Bc4 e6 5. Nf3 h6 6. Be3 Ne7 7. Qd2 a6 8. a4 b6
9. O-O Bb7 10. Rfe1 Nd7 11. Rad1 c6 12. Bd3 Qc7 13. Bf4 e5 14. dxe5 dxe5 15.
Be3 a5 16. Bc4 g5 17. Bxf7+ Kxf7 18. Qxd7 Qxd7 19. Rxd7 Bc8 20. Rdd1 Rb8 21.
Nd2 Be6 22. b3 g4 23. Nc4 Bxc4 24. bxc4 Rb7 25. c5 b5 26. axb5 cxb5 27. Rd6 Rc8
28. Red1 a4 29. Ra6 Nc6 30. Rb6 Rcc7 31. Nxb5 Rxb6 32. cxb6 Re7 33. Nd6+ Ke6
34. Nf5 Rb7 35. Rd6+ 1-0

[Event "Espalion Op"]
[Site "Espalion (12)"]
[Date "2018.07.16"]
[Round "4.20"]
[White "Joli, Laurent"]
[Black "Marie, Olivier"]
[Result "1-0"]
[WhiteElo "1793"]
[BlackElo "1544"]
[PlyCount "61"]
[EventDate "2018.07.??"]
[EventType "swiss"]
[EventRounds "9"]
[EventCountry "FRA"]

1. e4 e5 2. Nf3 d5 3. exd5 Bd6 4. d3 Bg4 5. Be2 Qe7 6. Ng5 Bxe2 7. Qxe2 f5 8.
O-O Nd7 9. Ne6 Ngf6 10. c4 h6 11. Nc3 g5 12. Nb5 Nf8 13. Nxd6+ cxd6 14. Nxf8
Kxf8 15. b3 Rg8 16. Re1 Rg6 17. Bb2 Nd7 18. f3 Kf7 19. d4 Rag8 20. dxe5 Ke8 21.
exd6 Qxe2 22. Rxe2+ Kd8 23. Re6 g4 24. f4 h5 25. Bd4 h4 26. Rae1 b6 27. b4 a6
28. c5 bxc5 29. bxc5 Rxe6 30. dxe6 Nb8 31. Bf6+ 1-0

[Event "Espalion Op"]
[Site "Espalion (12)"]
[Date "2018.07.16"]
[Round "4.21"]
[White "Veschambre, Martin"]
[Black "Hadamard, Olivier"]
[Result "0-1"]
[WhiteElo "1541"]
[BlackElo "1776"]
[PlyCount "82"]
[EventDate "2018.07.??"]
[EventType "swiss"]
[EventRounds "9"]
[EventCountry "FRA"]

1. d4 d5 2. Bf4 c5 3. e3 Nc6 4. c3 Bf5 5. Bd3 Bxd3 6. Qxd3 Nf6 7. Nd2 e6 8.
Ngf3 Be7 9. h3 h6 10. Ne5 Nxe5 11. Bxe5 O-O 12. O-O Nd7 13. Bh2 f5 14. Nf3 c4
15. Qc2 Bf6 16. b3 b5 17. bxc4 bxc4 18. Rab1 g5 19. g4 Bg7 20. Ne5 Bxe5 21.
Bxe5 Nxe5 22. dxe5 Qc7 23. f4 Qc5 24. Qf2 fxg4 25. hxg4 Rf7 26. e4 Qa5 27. Qe3
gxf4 28. Rxf4 Rg7 29. exd5 Qxd5 30. Qd4 h5 31. Qxd5 exd5 32. Rb5 Rd8 33. Rd4
Rxg4+ 34. Rxg4+ hxg4 35. Kg2 Kf7 36. Rb7+ Ke6 37. Rxa7 Kxe5 38. Kg3 Ke4 39.
Kxg4 Kd3 40. Ra3 Kc2 41. Kf4 Kb2 0-1

[Event "Espalion Op"]
[Site "Espalion (12)"]
[Date "2018.07.16"]
[Round "4.22"]
[White "Malart, Jacques"]
[Black "Duvette, Michel"]
[Result "1-0"]
[WhiteElo "1735"]
[BlackElo "1520"]
[PlyCount "111"]
[EventDate "2018.07.??"]
[EventType "swiss"]
[EventRounds "9"]
[EventCountry "FRA"]

1. e4 d5 2. exd5 Nf6 3. Nf3 Nxd5 4. Bc4 Nb6 5. Bb3 c5 6. Na3 Nc6 7. Ng5 e6 8.
d3 Nd4 9. Nc4 h6 10. Nf3 Nxb3 11. axb3 Nxc4 12. bxc4 Bd6 13. O-O O-O 14. Be3
Qc7 15. g3 b6 16. Nh4 Bb7 17. Qh5 Qc6 18. f3 Kh7 19. Rf2 Qc7 20. Kf1 Be5 21. c3
Qd6 22. Rd1 Ba6 23. b3 Bxc3 24. g4 Bd4 25. Bxd4 Qxd4 26. g5 Qf4 27. g6+ Kh8 28.
gxf7 Qxf7 29. Qg4 Kh7 30. Re1 Rae8 31. Rfe2 Bc8 32. Kf2 e5 33. Qe4+ g6 34. Rg1
Bf5 35. Nxf5 gxf5 36. Qc6 Re6 37. Qd5 Qe7 38. f4 Rd8 39. Qg2 Qh4+ 40. Qg3 Qxg3+
41. hxg3 Rxd3 42. fxe5 Kg6 43. Rb1 a5 44. Kg2 Kg5 45. Kf2 Kg4 46. Rh1 h5 47.
Rh4+ Kg5 48. Re3 Rxe3 49. Kxe3 Rxe5+ 50. Kd3 Re4 51. Rh2 Kg4 52. Rh4+ Kxg3 53.
Rxh5 Rd4+ 54. Ke2 f4 55. Rg5+ Kh4 56. Rg6 1-0

[Event "Espalion Op"]
[Site "Espalion (12)"]
[Date "2018.07.16"]
[Round "4.23"]
[White "Martinez, Philippe"]
[Black "Kosten-Forintos, Gyongyver"]
[Result "1-0"]
[WhiteElo "1506"]
[BlackElo "1685"]
[PlyCount "117"]
[EventDate "2018.07.??"]
[EventType "swiss"]
[EventRounds "9"]
[EventCountry "FRA"]

1. e4 d5 2. e5 Bf5 3. d4 e6 4. Nd2 a6 5. Nb3 Nd7 6. Nf3 h6 7. Bd3 Bxd3 8. Qxd3
c5 9. dxc5 Nxc5 10. Qe2 Nxb3 11. axb3 Qc7 12. O-O Bc5 13. c3 Ne7 14. b4 Bb6 15.
Bf4 O-O 16. Rad1 Rac8 17. Rfe1 Rfd8 18. Be3 Bxe3 19. Qxe3 Nf5 20. Qf4 Qc4 21.
Nd4 Nxd4 22. Rxd4 Qc7 23. h4 Qe7 24. Re3 f5 25. exf6 Qxf6 26. Qxf6 gxf6 27.
Rxe6 Rc6 28. Re7 Rc4 29. Rxb7 Rxd4 30. cxd4 Rc8 31. b5 axb5 32. Rxb5 Rc1+ 33.
Kh2 Rc2 34. Rxd5 Rxb2 35. Kg3 Kf7 36. Kf3 Ke6 37. Rh5 Rb4 38. d5+ Kd6 39. Rxh6
Kxd5 40. Rxf6 Rxh4 41. Rf4 Rh8 42. g4 Ke5 43. Rf5+ Ke6 44. Kf4 Ra8 45. f3 Ra1
46. Kg5 Ra8 47. Rf6+ Ke7 48. f4 Rg8+ 49. Rg6 Ra8 50. f5 Kf7 51. Kh5 Rh8+ 52.
Rh6 Ra8 53. g5 Ra1 54. Rh7+ Kg8 55. Rb7 Rh1+ 56. Kg6 Kf8 57. Kf6 Ke8 58. g6 Rg1
59. g7 1-0

[Event "Espalion Op"]
[Site "Espalion (12)"]
[Date "2018.07.16"]
[Round "4.24"]
[White "Herrero, Alain"]
[Black "Garde, Guillaume"]
[Result "0-1"]
[WhiteElo "1647"]
[BlackElo "1405"]
[PlyCount "116"]
[EventDate "2018.07.??"]
[EventType "swiss"]
[EventRounds "9"]
[EventCountry "FRA"]

1. d4 e6 2. c4 f5 3. g3 Nf6 4. Bg2 Be7 5. Nf3 O-O 6. O-O d6 7. Nc3 Nc6 8. a3 e5
9. dxe5 dxe5 10. Qc2 Qe8 11. Nd5 Bd6 12. e3 e4 13. Nd4 Nxd5 14. cxd5 Nxd4 15.
exd4 Qb5 16. b4 Qxd5 17. Bb2 Qe6 18. Qc3 Qe7 19. Rfe1 Qf7 20. Rad1 Bd7 21. Rd2
Rfe8 22. Bf1 Kh8 23. Bc4 Be6 24. Bf1 Re7 25. Qc2 c6 26. Bg2 Bc7 27. f3 exf3 28.
Bxf3 Bd5 29. Rxe7 Qxe7 30. Re2 Qd7 31. Bxd5 Qxd5 32. Qd2 Bd6 33. Qe1 Qf7 34.
Bc1 Rd8 35. Bg5 Rd7 36. Bf4 Bf8 37. Be5 h6 38. Qd2 Bd6 39. Qxh6+ Kg8 40. Qf4
Re7 41. Rf2 Bxe5 42. dxe5 g6 43. Rd2 Rd7 44. Kf2 Rxd2+ 45. Qxd2 Qd5 46. Qxd5+
cxd5 47. Ke3 Kf7 48. h4 Ke6 49. Kd4 b5 50. Kc5 Kxe5 51. Kxb5 d4 52. Kc4 Ke4 53.
a4 d3 54. Kc3 Ke3 55. a5 d2 56. b5 d1=Q 57. b6 axb6 58. axb6 Qb1 0-1

[Event "Espalion Op"]
[Site "Espalion (12)"]
[Date "2018.07.16"]
[Round "4.25"]
[White "Callebaut, Giovanni"]
[Black "Muller-Moingt, Bastien"]
[Result "1/2-1/2"]
[WhiteElo "1616"]
[BlackElo "1007"]
[PlyCount "63"]
[EventDate "2018.07.??"]
[EventType "swiss"]
[EventRounds "9"]
[EventCountry "FRA"]

1. e4 e5 2. Nf3 Nc6 3. d4 exd4 4. Bc4 Nf6 5. e5 d5 6. Bb5 Ne4 7. Nxd4 Bd7 8.
Nxc6 bxc6 9. Bd3 Nc5 10. O-O Nxd3 11. cxd3 Be7 12. f4 f6 13. f5 fxe5 14. Qh5+
Kf8 15. Nd2 Be8 16. Qe2 Qd6 17. Nf3 Bf6 18. Bd2 Rb8 19. Ng5 Bd7 20. a3 Rxb2 21.
Ne6+ Bxe6 22. fxe6 Qxe6 23. Bb4+ Rxb4 24. axb4 Ke7 25. Rxa7 Qd6 26. d4 e4 27.
Qd2 Rb8 28. Kh1 h6 29. g3 Bg5 30. Qf2 Qf6 31. Qe2 Qd6 32. Qf2 1/2-1/2